| 000 | 01128nam a2200253Ia 4500 | ||
|---|---|---|---|
| 999 |
_c39205 _d39205 |
||
| 001 | 5791 | ||
| 003 | GE_BSU | ||
| 005 | 20190426133931.0 | ||
| 008 | 181216s1986||||ge |||||||||||||| ||geo|| | ||
| 040 | _cGE_BSU | ||
| 041 | _ageo | ||
| 080 | _a624.014(075.8) მ-90 | ||
| 100 |
_aმსხილაძე, გ. _9481 |
||
| 245 |
_aლითონის კონსტრუქციები : _b სახელმძღვ. / _cგ. მხალაძე, ფაღავა, ო. ; რად. : ჩ.გურგენიძე, ვ.გოგსაძე. |
||
| 264 |
_aთბილისი : _bგანათლება, _c1986. |
||
| 300 |
_a567 გვ. : _bნახაზები, დანართები ; _c22 სმ. |
||
| 300 | _e. | ||
| 504 | _aბიბლიოგრ. : გვ.567. | ||
| 653 | _aლითონის კონსტრუქციები | ||
| 700 |
_aფაღავა, ო. _eავტორი _9494 |
||
| 700 |
_aგურგენიძე, ვ. _eრედაქტორი _9495 |
||
| 700 |
_aგოგსაძე, ვ. _eრედაქტორი _9496 |
||
| 942 |
_cBK _2udc |
||